แสดงรายละเอียดบรรณานุกรม
  กลับหน้าหลัก

Brief Record : Get Marc (ISO 2709) : E-mail record : QR code ปิดหน้าต่าง
E-books : เกี่ยวกับ Collections
LEADER 00000nama 2200000uu 4500
008    040531s|||| th m m a000 0 tha d
020    9748362337
041    tha
050    DS592.6 ท622ล 2537
100    เทพรัตนราชสุดาฯสยามบรมราชกุมารี,สมเด็จพระ.
245    ลุยป่าฝ่าฝน/พระราชนิพนธ์ในสมเด็จพระเทพรัตนราชสุดาฯสยามบรมราชกุมารี.
260    กรุงเทพฯ. มูลนิธิสมเด็จพระเทพรัตนราชสุดาฯ. 2537.
300    122 หน้า.
650    1.มาเลเซีย 2.มาเลเซีย--ภูมิประเทศและการท่องเที่ยว.
995    001
รายการนี้ยังไม่มีแท็ก
คุณยังไม่ได้ล็อกอิน คุณสามารถมีกิจกรรมร่วมกับเว็บไซต์ได้ แต่ต้องล็อกอินก่อน ::
  ล็อกอิน
ลำดับที่ ประเภท เลขเรียก สถานที่ สถานะ
1. หนังสือทั่วไป
หนังสือทั่วไป
DS592.6 ท622ล 2537  
  
หนังสือทั่วไป On Shelf
  ขอยืม
   [แสดง 1/1 รายการ]

รายการใกล้เคียง
    ผู้แต่ง [เทพรัตนราชสุดาฯสยามบรมราชกุมารี,สมเด็จพระ.]

BibComment


ยังไม่เคยถูกคอมเมนท์

คอมเมนท์ทรัพยากรรายการนี้
  คอมเมนท์: ลุยป่าฝ่าฝนพระราช..
Bib 183873

 
 
 

 Union Library Management : ULibM
Copyright 2026. All Rights Reserved.
скачать бесплатно без регистрации порно красивый секс HD Sex Hindi sex

xxx gou

xxxx

bfxxx

xxxwww

Секса Видео

xxxx

Секса Видео

detube

geilexxx

C99 Shell

worms shell

blod xxx video
Ebony Coed Rihanna Rimes Takes A Dick In Her Young Twat priyaa indian fuck anal and pusssy hardcore indian women xxx desi hardcore fucking part 1 bengalixxxcouple